AH International Schools' Libraries

Mog's Christmas / (Record no. 48817)

MARC details
000 -LEADER
fixed length control field 00395nam a2200133 4500
020 ## - INTERNATIONAL STANDARD BOOK NUMBER
International Standard Book Number 9780007347056
100 ## - MAIN ENTRY--PERSONAL NAME
Personal name Kerr, Judith,
Relator term author.
245 ## - TITLE STATEMENT
Title Mog's Christmas /
Statement of responsibility, etc By Judith Kerr.
260 ## - PUBLICATION, DISTRIBUTION, ETC. (IMPRINT)
Place of publication, distribution, etc Great Britain :
Name of publisher, distributor, etc Harper Collins Children’s Books ;
Date of publication, distribution, etc 2010.
300 ## - PHYSICAL DESCRIPTION
Extent 32 pages.
Dimensions 8.69 x 0.06 x 11 inches.
490 ## - SERIES STATEMENT
Series statement Mog
650 ## - SUBJECT ADDED ENTRY--TOPICAL TERM
9 (RLIN) 75533
Topical term or geographic name as entry element Cat
Form subdivision Juvenile Fiction
942 ## - ADDED ENTRY ELEMENTS (KOHA)
Source of classification or shelving scheme
Koha item type Book
Holdings
Withdrawn status Lost status Source of classification or shelving scheme Damaged status Not for loan Home library Current library Date acquired Total Checkouts Full call number Barcode Date last seen Date checked out Price effective from Koha item type
          Logos International School Logos International School 04/07/2025 1 E KER 040600 12/16/2025 12/04/2025 04/07/2025 Book

For any Logos Library related questions please contact Miss Art at swongnarasuk@asianhope.org.

For any Asian Hope Library related questions please contact Miss Raza at graza@asianhope.org.

Powered by Koha